| 000 | 00852nas a2200289 4500 | ||
|---|---|---|---|
| 001 | BR0601109 | ||
| 003 | BR-BrBNA | ||
| 005 | 20231205105859.0 | ||
| 007 | ta | ||
| 008 | 230509b bl.|||p| |||| 00| 00por d | ||
| 040 |
_aBR-BrBNA _bpor _cBiblioteca Nacional de Agricultura |
||
| 041 | _a(Pt) | ||
| 072 | _aQ54 | ||
| 100 | 1 | _aSales, R. de O. | |
| 100 | 1 | _aAlves, A.A. | |
| 100 | 1 | _aTavares, C.P. | |
| 100 | 1 | _aAzevedo, A.R. de | |
| 245 | 1 | _aTabelas de valor nutritivo de alimentos para ruminantes na região nordeste | |
| 650 | _aRUMINANTE | ||
| 650 | _aLEUCAENA | ||
| 650 | _aVALOR NUTRITIVO | ||
| 650 | _aCUNHÃ | ||
| 650 | _aFEDEGOSO | ||
| 773 | 0 |
_tRevista Científica de Produção Animal (Brazil) _xISSN 1415-563X _g(Jan-Jun 2001), v. 3(1) p. 107-119 _wBR0601109 |
|
| 909 |
_a202311 _bLúcia _c55 _dLúcia Elande |
||
| 942 |
_2AGRIS _n0 _cANA |
||
| 999 |
_c185160 _d185160 |
||